The Great March of Democracy: (Record no. 9367)

MARC details
000 -LEADER
fixed length control field 00408nam a22001457a 4500
008 - FIXED-LENGTH DATA ELEMENTS--GENERAL INFORMATION
fixed length control field 230228b |||||||| |||| 00| 0 eng d
020 ## - INTERNATIONAL STANDARD BOOK NUMBER
International Standard Book Number 978-0-670-09228-4
082 ## - DEWEY DECIMAL CLASSIFICATION NUMBER
Classification number 324.954
100 ## - MAIN ENTRY--PERSONAL NAME
Personal name S.Y. Quraishi
245 ## - TITLE STATEMENT
Title The Great March of Democracy:
Remainder of title Seven decades of India's Elections
260 ## - PUBLICATION, DISTRIBUTION, ETC.
Name of publisher, distributor, etc. India Viking,
Date of publication, distribution, etc. 2019
300 ## - PHYSICAL DESCRIPTION
Extent 296 p.
Dimensions 24 cm
942 ## - Added entry Elements (Koha)
Source of classification or shelving scheme Dewey Decimal Classification
Holdings
Withdrawn status Lost status Source of classification or shelving scheme Damaged status Not for loan Collection code Home library Current library Shelving location Date acquired Serial Enumeration / chronology Total Checkouts Total Renewals Full call number Barcode Date last seen Date last checked out Price effective from Koha item type
    Dewey Decimal Classification     Popular Collection RTC Library RTC Library Popular Collection 28/02/2023 177084 1 1 324.954 QUR 30018156 04/04/2023 07/03/2023 28/02/2023 Main
Royal Thimphu College || All Right Reserved